Friends characters' couples Quiz Stats

 Plays Quiz not verified by Sporcle

Challenge
Share
Tweet
http://www.photoshop.com/users/MikeLiebestod/albums/934d6cfd069e45a2b148f5db8346e786/view#b7ca0ec7fab04e85ac680b06fcddb0a6
Score 0/30 Timer 06:00
0 Plays Today
Main character Couple % Correct
ChandlerJanice
95.4%
Each otherRoss and Rachel
83.1%
Each otherRoss and Rachel
83.1%
PhoebeMike Hannigan
82.4%
MonicaRichard Burke
79.5%
Each otherChandler and Monica
78.5%
RossEmily Waltham
70.7%
RachelPaolo
68.1%
Joey and ChandlerKathy
67.1%
PhoebeDavid
65.8%
RossCharlie Wheeler
62.5%
JoeyCharlie Wheeler
62.5%
RachelPaul Stevens
62.2%
MonicaPete Becker
61.2%
RachelTag Jones
59.9%
Main character Couple % Correct
RossMona
55%
RossJulie
54.4%
RachelJoshua Bergin
54.1%
RossElizabeth Stevens
50.2%
MonicaFun Bobby
45.9%
JoeyJanine LaCroix
39.7%
PhoebeGary
39.1%
RossBonnie
29.6%
JoeyKate Miller
29.3%
RachelGavin Mitchell
26.7%
RachelDanny
21.2%
JoeyUrsula Buffay
19.9%
ChandlerJoanna
17.6%
PhoebeRyan Morgan
10.4%
JoeyJessica Lockhart
9.1%

You're not logged in!

Compare scores with friends on all Sporcle quizzes.
Join for Free
OR
Log In

You Might Also Like...

Show Comments

Extras

Top Quizzes Today


Score Distribution

Your Account Isn't Verified!

In order to create a playlist on Sporcle, you need to verify the email address you used during registration. Go to your Sporcle Settings to finish the process.

Report this User

Report this user for behavior that violates our Community Guidelines.

Details: